| 000 | 00717nam a22002057a 4500 | ||
|---|---|---|---|
| 999 |
_c15856 _d15856 |
||
| 003 | AR-CdUCM | ||
| 008 | 190430b ||||| |||| 00| 0 spa d | ||
| 040 |
_aMUNICIPALIDAD PROVINCIAL DEL CUSCO _cBIBLIOTECA MUNICIPAL DEL CUSCO |
||
| 082 |
_a309.185 / _bF372 |
||
| 100 |
_aFerrand, Carlos _935056 |
||
| 245 |
_aOccidental y cristiano : _b40 fotos originales, textos traducidos al inglés y al italiano / |
||
| 260 |
_aLima : _bLipesa, |
||
| 300 |
_bFotografias _c17 cm. |
||
| 505 | _aContenido: Fotografías de Lima en la década de los 70. | ||
| 650 |
_aLima en fotografías _935057 |
||
| 650 |
_aDécada de los 70 _935058 |
||
| 650 |
_aRealidad peruana _92930 |
||
| 942 |
_2ddc _cLIBROS |
||
| 945 |
_adavv _d30/04/2019 |
||